| 000 | 00457nam a2200097Ia 4500 | ||
|---|---|---|---|
| 008 | 180130s9999 xx 000 0 und d | ||
| 245 |
_cKamonja, Giron; Liang, Yan; Sohail, Muhammad Tayyab; Khan, Shahzad Ahmad _aQuality enhancement of corporate management systems: an overview of best management practices |
||
| 260 | _c2015 | ||
| 300 | _aBook title: Industrial project management--Acession number C20535; pages 67-86 | ||
| 650 | _aPROJECT MANAGEMENT--INDUSTRIAL | ||
| 999 |
_c354238 _d354238 |
||